000 00855nas a2200253 4500
001 BR7702748
003 BR-BrBNA
005 20231205083206.0
007 ta
008 230509b bl.|||p| |||| 00| 00por d
040 _aBR-BrBNA
_bpor
_cBiblioteca Nacional de Agricultura
041 _a(Pt)
072 _aE70
100 1 _aBraz, W.R.
111 1 _a1. Seminario Brasileiro de Comercilizacao em Laticinios; 3. Congresso Nacional de Laticinios
_cJuiz de Fora, MG (Brazil)
_d22 Jul 1976
245 1 _aComercializacao de leite em po industrial
650 _aComercializacao
650 _aLeite em po
650 _aConsumo
650 _aImportacao
773 0 _tRevista do Instituto de laticinios Candido Tostes (Brazil)
_xISSN 0100-3674
_g(Jan 1977), v. 32(189) p. 37-40
_wBR7702748
909 _a202311
_bLúcia
_c55
_dLúcia Elande
942 _2AGRIS
_n0
_cANA
999 _c97039
_d97039